000 00438nam a2200157 i 4500
001 100786
003 ES-MaACL
007 t|
008 051005s1925 fr ||||1| fre d
100 0 _aMathiez, Albert
_979054
245 1 0 _aAutour de Robespierre /
_cAlbert Mathiez.
260 _aAbbeville :
_b[s.n.],
_c1925 (
_fF. Paillart)
300 _a257 p. ;
_c23 cm.
852 _aES-MaACL
_jB-3572
_bR.5164
999 _c100786
_d100786